000 00811nam a2200217 a 4500
001 1821672
003 AM-YEHGA
005 20260312150845.0
008 220303s1954 ai ||||frm||||000|||rus|d
040 _aAM-YEHGA
041 0 _arus
100 1 _aКараханян, Г. О.
245 1 0 _aНеполивная орнаментированная керамика из раскопок Двина и Ани :
_bАвтореф. дис. на соиск. учен. степ. к.и.н. /
_cГ.О. Караханян.
260 _aЕреван,
_bБ. и.,
_c1954.
300 _a30 с.
502 _aАН АрмССР. Ин-т истории
650 1 4 _aИстория
650 1 4 _aОрнаментированная керамика
_zДвин
_zАни
655 4 _aՍեղմագրեր
942 _2udc
_cTH
999 _c537984
_d537984